NPB 日本プロ野球 最後の○○戦士 - Statistics

General Stats
  • This quiz has been taken 223 times
    5 since last reset
  • The average score is 9 of 18
Answer Stats
消滅/公式戦使用終了年 説明 選手名 % Correct
2004/1996/1992/1996 最後のブルーウェーブ戦士および日生・平和台・ナゴヤ球場戦士 イチロー
100%
2004 最後のダイエー戦士 和田毅
100%
1987 最後の後楽園戦士 山本昌
80%
1991 最後のオリオンズ戦士 堀幸一
80%
1992 最後の横浜大洋戦士 三浦大輔
80%
2004 最後の近鉄戦士 坂口智隆
80%
2011 最後の横浜(TBS)戦士 筒香嘉智
80%
1988/1996/1990/1992 最後の阪急戦士および西宮・大阪・川崎球場戦士 中嶋聡
60%
1988 最後の南海戦士 大道典良
60%
1977 最後の大洋(川崎時代)戦士 齊藤明雄
40%
1999 最後の藤井寺戦士 福浦和也
40%
1956 最後の高橋ユニオンズ戦士 石川進
20%
1968 最後の東京オリオンズ戦士 村田兆治
20%
1976/1978 最後の太平洋・クラウン戦士 真弓明信
20%
1972 最後の西鉄戦士 若菜嘉晴
0%
1972/1973 最後の東映・日拓戦士 岡持和彦
0%
1973 最後のアトムズ戦士(同時に引退) 八重樫幸雄
0%
1973 最後のアトムズ戦士(同時に引退) 杉浦享
0%
No matching quizzes found
Score Distribution
Percent of People with Each Score
Percentile by Number Answered
Your Score History
You have not taken this quiz since the last reset